Excess and deficiency of trace elements in relation to human and animal health in Arctic and Subarctic regions / (Record no. 15631)

MARC details
000 -LEADER
fixed length control field 01377cam a2200313 a 4500
001 - CONTROL NUMBER
control field 3911937
005 - DATE AND TIME OF LATEST TRANSACTION
control field 20170822095949.0
007 - PHYSICAL DESCRIPTION FIXED FIELD--GENERAL INFORMATION
fixed length control field 000
008 - FIXED-LENGTH DATA ELEMENTS--GENERAL INFORMATION
fixed length control field 000
010 ## - LIBRARY OF CONGRESS CONTROL NUMBER
LC control number 91142140
020 ## - INTERNATIONAL STANDARD BOOK NUMBER
International Standard Book Number 8290888015
040 ## - CATALOGING SOURCE
Original cataloging agency UOEL
Transcribing agency DLC
043 ## - GEOGRAPHIC AREA CODE
Geographic area code r------
050 00 - LIBRARY OF CONGRESS CALL NUMBER
Classification number RC 627
Item number .T7I5 1989
082 00 - DEWEY DECIMAL CLASSIFICATION NUMBER
Classification number 612.3/924
Edition number 20
245 00 - TITLE STATEMENT
Title Excess and deficiency of trace elements in relation to human and animal health in Arctic and Subarctic regions /
Statement of responsibility, etc edited by Jul Låg.
260 ## - PUBLICATION, DISTRIBUTION, ETC. (IMPRINT)
Place of publication, distribution, etc Oslo :
Name of publisher, distributor, etc Norwegian Academy of Science and Letters,
Date of publication, distribution, etc c1990.
300 ## - PHYSICAL DESCRIPTION
Extent 225 p. :
Other physical details ill. ;
Dimensions 23 cm.
500 ## - GENERAL NOTE
General note International symposium arranged in Tromsø and Kirkenes 25-28 May 1989 by the working group Soils and Geomedicine of the International Society of Soil Science and the Norwegian Academy of Science and Letters.
504 ## - BIBLIOGRAPHY, ETC. NOTE
Bibliography, etc Includes bibliographical references.
650 #0 - SUBJECT ADDED ENTRY--TOPICAL TERM
Topical term or geographic name as entry element Trace elements
General subdivision Health aspects
Geographic subdivision Arctic regions
General subdivision Congresses.
Topical term or geographic name as entry element Trace elements in the body
General subdivision Congresses.
700 1# - ADDED ENTRY--PERSONAL NAME
Personal name Låg, J.
Fuller form of name (Jul)
710 2# - ADDED ENTRY--CORPORATE NAME
Corporate name or jurisdiction name as entry element International Society of Soil Science.
Subordinate unit Working Group "Soils and Geomedicine".
Corporate name or jurisdiction name as entry element Norske videnskaps-akademi.
906 ## - LOCAL DATA ELEMENT F, LDF (RLIN)
a 7
b cbc
c orignew
d 2
e ncip
f 19
g y-gencatlg
942 ## - ADDED ENTRY ELEMENTS (KOHA)
Source of classification or shelving scheme Library of Congress Classification
Item type SES Book
Holdings
Withdrawn status Lost status Source of classification or shelving scheme Damaged status Not for loan Home library Current library Shelving location Date acquired Total Checkouts Full call number Barcode Date last seen Copy number Price effective from Koha item type
    Library of Congress Classification     UOE Main Library UOE Main Library Open shelf 22/08/2017   RC 627 .T7I5 1989 10035702 27/04/2026 10035702 22/08/2017 SES Book